00518nam a22001577a 450000500170000000800410001702000150005804100120007308200140008510000420009924500840014125000190022526000470024430000430029165000260033420231101062426.0231101b |||||||| |||| 00| 0 eng d a0409045837 aEnglish a346.7 NOR aZulman, RH and Kairinos, G lEnglish  aNorman's Law of Purchase and Sale in South Africa / cRH Zulman and G Kairinos  aFifth Edition  aDurban : bLexisNexis Butterworths, c2005 bxvii, 323 pages ;c25 cm.e2 Editions  alegal practice bLaw